000 00348nam a2200145Ia 4500
008 150201s2009 xx 000 0 und d
082 _a610
_bE09P
100 _aPANDA, U.N.
245 _aEMERGENCIES IN MEDICAL PRACTICE
250 _a1ST
260 _bAITBS
_aDELHI
_c2009
300 _a1-258
650 _aMEDICINE AND DIAGNOSIS
942 _2ddc
_cBK
999 _c1358
_d1358